Traité d'hydraulique... / (Record no. 27582)
[ view plain ]
| 000 -LEADER | |
|---|---|
| campo de control de longitud fija | 00503nam a2200157 i 4500 |
| 001 - NÚMERO DE CONTROL | |
| campo de control | 27582 |
| 003 - IDENTIFICADOR DE NÚMERO DE CONTROL | |
| campo de control | ES-MaACL |
| 007 - CAMPO FIJO DE DESCRIPCIÓN FÍSICA--INFORMACIÓN GENERAL | |
| campo de control de longitud fija | t| |
| 008 - DATOS DE LONGITUD FIJA--INFORMACIÓN GENERAL | |
| campo de control de longitud fija | 030115s1840 fr ||||1| fre d |
| 100 1# - ENTRADA PRINCIPAL--NOMBRE DE PERSONA | |
| Nombre de persona | Aubuisson de Voisins, J. F. d'. |
| 9 (RLIN) | 23831 |
| 245 10 - MENCIÓN DEL TÍTULO | |
| Título | Traité d'hydraulique... / |
| Mención de responsabilidad, etc. | par J. F. d'Aubuisson de Voisins. |
| 250 ## - MENCION DE EDICION | |
| Mención de edición | 2ª ed. aum. |
| 260 ## - PUBLICACIÓN, DISTRIBUCIÓN, ETC. | |
| Lugar de publicación, distribución, etc. | Paris, etc : |
| Nombre del editor, distribuidor, etc. | Pitois-Levrault et Cie, |
| Fecha de publicación, distribución, etc. | 1840 ( |
| Lugar de fabricación/manufactura | Strasbourg : |
| Fabricante | Berger-Levrault) |
| 300 ## - DESCRIPCIÓN FÍSICA | |
| Extensión | XII, 646 p., 5 lám. ; |
| Dimensiones | 21 cm. |
| 852 ## - LOCALIZACIÓN | |
| Ubicación | ES-MaACL |
| Número de control de estantería | G-11880 |
| Estatus retirado | Estado de pérdida | Estado de daño | No para préstamo | Colección | Biblioteca de origen | Biblioteca actual | Ubicación en estantería | Fecha de adquisición | Fuente de adquisición | Total de préstamos | Signatura topográfica completa | Código de barras | Visto por última vez | Precio de reemplazo | Tipo de ítem Koha |
|---|---|---|---|---|---|---|---|---|---|---|---|---|---|---|---|
| Libros del s. XIX | Biblioteca del Ateneo de Madrid | Biblioteca del Ateneo de Madrid | Sala Pecera Planta 3 | 17/01/2008 | G-11880 | 1028480 | 23/02/2023 | 23/02/2023 | Libro impreso antiguo |
